000 00313nam a2200133Ia 4500
005 20251222155102.0
008 251222s9999||||xx |||||||||||||| ||spa||
082 _aFIL. 06.2
100 _aSERTILLANGES,
245 0 _aEl Cristianismo y las FilosofĂ­as
250 _a1ra. ed.
264 _bNo tiene
942 _cLIB
999 _c37708
_d37708